| 000 | 00594nam a22001817a 4500 | ||
|---|---|---|---|
| 003 | BD-DhUL | ||
| 005 | 20180528111733.0 | ||
| 008 | 180528s1978 ii ||||| |||| 00| 0 ben d | ||
| 040 |
_aBD-DhUL _cBD-DhUL |
||
| 082 |
_a891.443 _bNIB |
||
| 100 | 1 | _aনীলকণ্ঠ | |
| 245 | 0 | 0 |
_aবার্ধক্যে বারাণসী / _cনীলকণ্ঠ |
| 260 |
_aকলিকাতা : _bকরুণা, _c১৯৭৮। |
||
| 300 |
_a৩৫৪ পৃ. ; _c২২ সেমি. |
||
| 650 | 4 | _aবাংলা উপন্যাস | |
| 650 | 4 | _aBengali fiction | |
| 942 |
_2ddc _cBK |
||
| 999 |
_c241643 _d241643 |
||